1813 1778 1774 1463 1464 1721 1428 1058 1345 1794 1796 1591 1806 1343 1202 1318 1788 1151 1536 1206 1103 1042 1119 1347 1470 1164 1352 1234 1551 1748 1479 1768 1161 1828 1533 1697 1962 1166 1841 1545 1655 1577 1464 1164 1390 1767 1978 1135 1452 1837 1997 1621 1273 1038 1301 1424 1292 1962 1813 1771 1037 1071 1070 1154 1169 1508 1525 1124 1916 1912 1746 1171 1337 1795 1259 1352 1101 1312 1630 1695 1457 1967 1331 1781 1253 1463 1028 1036 1769 1516 1396 1324 1291 1669 1102 1722 1567 1542 1778 BCNSPRNW ULIB Ver.6.0+V

เปลี่ยนเป็นภาษาไทย

Change to English
 แสดงรายละเอียดบรรณานุกรม
  กลับหน้าหลัก

Brief Record : Get Marc (ISO 2709) : E-mail record : QR code < ปิดหน้าต่าง
LEADER : 00000nam 2200000uu 4500
001    13399110698
003     ULIB
008    110607s2544||||th 000 0 tha d
020    9746441833
060 04 WS100^bส122ก 2544
245 00 กุมารเวชศาสตร์ :^bเวชปฏิบัติทันสมัย /^cพรรณี วาสิกนานนท์,มาลัย ว่องชาญชัยเลิศ, สมจิตร์ จารุรัตนศิริกุล, บรรณาธิการ
250    พิมพ์ครั้งที่ 1
260    สงขลา :^bภาควิชากุมารเวชศาสตร์ คณะแพทยศาสตร์มหาวิทยาลัยสงขลานครินทร์,^c2544
300    236, [xi] หน้า :^bภาพประกอบ ;^c30 ซม.
650  7 กุมารเวชศาสตร์
700 0  พรรณี วาสิกนานนท์,^eบรรณาธิการ
700 0  มาลัย ว่องชาญชัยเลิศ,^eบรรณาธิการ
700 0  สมจิตร์ จารุรัตนศิริกุล,^eบรรณาธิการ
710 2  มหาวิทยาลัยสงขลานครินทร์. ^bคณะแพทยศาสตร์.^bภาควิชากุมารเวชศาสตร์
945    ^p250^l0^i015572
945    ^p250^l0^i015571
945    ^p250^l0^i015570
995    ทศพร
999 ^a ใช้งานได้ทุกระบบ
รายการนี้ยังไม่มีแท็ก
คุณยังไม่ได้ล็อกอิน คุณสามารถมีกิจกรรมร่วมกับเว็บไซต์ได้ แต่ต้องล็อกอินก่อน ::
  ล็อกอิน

รายการสื่อสารสนเทศ

ลำดับที่ ประเภท เลขเรียก/บาร์โค้ด สถานที่ สถานะ
- ไม่พบข้อมูล -

รายการใกล้เคียง
    หัวเรื่อง [กุมารเวชศาสตร์]

BibComment


ยังไม่เคยถูกคอมเมนท์

คอมเมนท์ทรัพยากรรายการนี้
  คอมเมนท์: กุมารเวชศาสตร์ เ..


 Copyright 2026. Bcnsprnw @Library